header

Theory, measurement, and interpretation of well logs (Record no. 74778)

MARC details
000 -LEADER
fixed length control field 01326nam a2200337Ia 4500
100 1# - MAIN ENTRY--AUTHOR NAME
Personal name Bassiouni, Zaki.
245 10 - TITLE STATEMENT
Title Theory, measurement, and interpretation of well logs
260 ## - PUBLICATION, DISTRIBUTION, ETC. (IMPRINT)
Place of publication Richardson, TX :
Name of publisher Henry L. Doherty Memorial Fund of AIME, Society of Petroleum Engineers,
Year of publication 1994.
300 ## - PHYSICAL DESCRIPTION
Number of Pages ix, 372 p. :
Other physical details ill.
490 1# - SERIES STATEMENT
Series statement SPE textbook series ;
650 #0 - SUBJECT ADDED ENTRY--TOPICAL TERM
Topical Term Oil well logging.
Topical Term Geophysical well logging.
856 40 - ELECTRONIC LOCATION AND ACCESS
Uniform Resource Identifier http://site.ebrary.com/lib/rucke/Doc?id=10619588

No items available.

© 2026 Rongo University
Contact us: librarian | system librarian | Rongo university